000
00248nam a2200097Ia 4500
001
657812
005
20250826154623.0
008
250824s9999 xx 000 0 und d
245
0
_a
Kafdağı nın Ardına Yolculuk
_c
Gülten Dayıoğlu
260
_b
ALTIN
999
_c
657812
_d
657812